Top 10 - Buteurs en Ligue 1 saison 11/12 - Statistiques

Statistiques générales
  • Ce quiz a été pris 34 fois
  • Le résultat moyen est 5 sur 10
Statistiques - réponses
Club Buts Joueur % Correct
Montpellier HSC 21 Olivier Giroud
93%
Lille OSC 20 Eden Hazard
78%
Olympique Lyonnais 14 Bafetimbi Gomis
70%
Paris Saint-Germain 21 Nenê
67%
Olympique Lyonnais 16 Lisandro Lopez
63%
AS Saint-Etienne 16 Pierre-Emerick Aubameyang
48%
Montpellier HSC 12 Younes Belhanda
44%
Olympique de Marseille 12 Loic Rémy
41%
Paris Saint-Germain 13 Javier Pastore
33%
Girondins de Bordeaux 14 Yoan Gouffran
11%
Aucun quiz correspondant
Distribution des résultats
% des personnes avec chaque résultat
Percentile par nombre de réponses
Votre historique - résultats
Vous n’avez pas pris ce quiz